| 000 -LEADER | |
|---|---|
| fixed length control field | 00409nam a22001697a 4500 |
| 005 - DATE AND TIME OF LATEST TRANSACTION | |
| control field | 20160520140624.0 |
| 008 - FIXED-LENGTH DATA ELEMENTS--GENERAL INFORMATION | |
| fixed length control field | 160520b xxu||||| |||| 00| 0 eng d |
| 020 ## - INTERNATIONAL STANDARD BOOK NUMBER | |
| ISBN | 978-81-203-1246-3 |
| 041 ## - LANGUAGE CODE | |
| Language code of text/sound track or separate title | eng |
| 082 ## - DEWEY DECIMAL CLASSIFICATION NUMBER | |
| Item number | 3590 |
| 100 ## - MAIN ENTRY--AUTHOR NAME | |
| Personal name | Oppenheim A.V & Willsky A.S. |
| 245 ## - TITLE STATEMENT | |
| Title | Signals and Systems |
| 260 ## - PUBLICATION, DISTRIBUTION, ETC. (IMPRINT) | |
| Place of publication | New Delhi |
| Name of publisher | PHI, |
| 300 ## - PHYSICAL DESCRIPTION | |
| Number of Pages | 957 |
| 650 ## - SUBJECT ADDED ENTRY--TOPICAL TERM | |
| Topical Term | DIPLOMA ENGINEERING |
| 942 ## - ADDED ENTRY ELEMENTS (KOHA) | |
| Koha item type | Books |
| Lost status | Damaged status | Collection code | Home library | Current library | Shelving location | Date acquired | Cost, normal purchase price | Full call number | Accession Number | Koha item type |
|---|---|---|---|---|---|---|---|---|---|---|
| Reference | JRU Library | SHELF-72-C | 20/05/2016 | 525.00 | 3590 | 3590 | Books | |||
| JRU Library | SHELF-39-L | 20/05/2016 | 525.00 | 3590 | 3591 | Books |